Joseph Stalin A-Z - Statistics

General Stats
  • This quiz has been taken 38 times
  • The average score is 8 of 22
Answer Stats
Letter Question Answer % Correct
H Which dictator asked Stalin to sign a nonagression pact in 1939? Adolf Hitler
79%
E Hitler asked his photographer Henrich Hoffman to take a photo of which part of Stalin's body? Earlobe
74%
G What sort of labour camps were created during Stalin's reign? Gulags
74%
A Soviet policy toward religion Atheism
71%
Y Where did the big 3 met in 1945? Yalta
68%
R He died in which modern day country? Russia
62%
L His resting place until 1961 Lenin's Mausoleum
59%
U Some say Stalin planned the Holodomar famine to elimate an independence movement of which Republic Ukraine
56%
P What did Stalin's mother want him to become? A Priest
47%
F Stalin loved Western movies and which director was he reportedly a big fan of? John Ford
32%
D Stalin lived in this Moscow residence for the last two decades of his life. It was known as Kuntsevo what? Dacha
29%
T When he was 16 he recieved a scholarship and began studying in which city? Tbilisi
29%
I 5 million people were killed during which "process" that stalin ordered, to grow the country's economy? Industrialisation
24%
S What was Stalin's father's profession? Shoemaker
21%
V Patronymic name in Russian Vissarionovich
21%
J Stalin's father's surname Jughashvili
18%
K His nickname in the armed forces Koba
15%
C What was his official cause of death? Cerebral hemorrhage
12%
B Patronymic name in Georgian Besarionis dzе
6%
N Stalin ordered the mass deportation of 6000 people to this island Nazino Island
6%
M His nom de guerre means what in English? Man of the steel hand
0%
W What was one of Stalin's early jobs? Weatherman
0%
No matching quizzes found
Score Distribution
Percent of People with Each Score
Percentile by Number Answered
Your Score History
You have not taken this quiz